ბათუმის შოთა რუსთაველის სახელმწიფო უნივერსიტეტის ბიბლიოთეკა

აფხაზები აჭარაში : წარსული და თანამედროვეობა : (ბიბ.ჩანაწერი № 57024)

000 -ლიდერი
ფიქსირებული სიგრძის საკონტროლო ველი 02108nam a22003017a 4500
003 - საკონტროლო ნომრის იდენტიფიკატორი
საკონტროლო ველი Ge_BSU
005 - ბოლო ოპერაციის თარიღი და დრო
საკონტროლო ველი 20191018105138.0
008 - ფიქსირებული სიგრძის მონაცემთა ელემენტები - ზოგადი ინფორმაცია
ფიქსირებული სიგრძის საკონტროლო ველი 191018s2018 ge ||||| |||| 00| 0 geo d
020 ## - წიგნის საერთაშორისო სტანდარტული ნომერი
International Standard Book Number 9789941803833
041 ## - ენის კოდი
Language code of text/sound track or separate title geo
080 ## - უნივერსალური ათობითი კლასიფიკაციის ინდექსი
Universal Decimal Classification number 94(=352.2)(479.223)+392(=352.2)+929.52(479.22)+821.353.1-94 ა-11
245 ## - ცნობა სათაურის შესახებ
Title აფხაზები აჭარაში : წარსული და თანამედროვეობა :
Remainder of title [მონოგრაფია] /
Statement of responsibility, etc ავტორები : ჯემალ კარალიძე ; მალხაზ ჩოხარაძე ; რევაზ დიასამიძე [და სხვ.] ; რედ : ჯემალ კარალიძე .
264 ## - წარმოების, გამოცემის, დისტრიბუციის და სხვა ცნობები
გამოცემის, წარმოების, დისტრიბუციის... ადგილი ბათუმი - თბილისი :
გამოცემის, წარმოების, დისტრიბუციის... სახელწოდება სამშობლო,
გამოცემის, წარმოების, დისტრიბუციის... თარიღი 2018.
300 ## - ფიზიკური აღწერა
Extent 280, [32] გვ. :
Other physical details ფოტ. ;
Dimensions 25 სმ.
504 ## - BIBLIOGRAPHY, ETC. NOTE
Bibliography, etc ბიბლიოგრ.: გვ. 273-280.
518 ## - DATE/TIME AND PLACE OF AN EVENT NOTE
Date/time and place of an event note პროექტი განხორციელდა შოთა რუსთაველის ეროვნული სამეცნიერო ფონდის ფინანსური მხარდაჭერით.
520 ## - SUMMARY, ETC.
Summary, etc რეზიუმე ინგლ. ენაზე.
653 ## - INDEX TERM--UNCONTROLLED
Uncontrolled term აფხაზები აჭარაში
653 ## - INDEX TERM--UNCONTROLLED
Uncontrolled term აფხაზური ადათ-წესები
653 ## - INDEX TERM--UNCONTROLLED
Uncontrolled term აფხაზური ოჯახების ისტორია
653 ## - INDEX TERM--UNCONTROLLED
Uncontrolled term ქართული მემუარული ლიტერატურა
700 ## - ADDED ENTRY--PERSONAL NAME
Personal name კარალიძე , ჯემალ
9 (RLIN) 4089
700 ## - ADDED ENTRY--PERSONAL NAME
Personal name ჩოხარაძე , მალხაზ
9 (RLIN) 4816
700 ## - ADDED ENTRY--PERSONAL NAME
Personal name დიასამიძე , რევაზ
9 (RLIN) 111
700 ## - ADDED ENTRY--PERSONAL NAME
Personal name კარალიძე , ჯემალ
Relator term რედაქტორი
9 (RLIN) 4089
710 ## - ADDED ENTRY--CORPORATE NAME
Relator term ბათუმის შოთა რუსთაველის სახელმწ. უნ-ტი, ჰუმანიტარულ მეცნიერებათა ფაკ-ტი.
9 (RLIN) 4817
942 ## - ADDED ENTRY ELEMENTS (KOHA)
Source of classification or shelving scheme
Koha item type წიგნი
ეგზემპლარები
ჩამოწერის სტატუსი დაკარგული ეგზემპლარის სტატუსი კლასიფიკაციის წყარო ან თაროზე გაწყობის სქემა დაზიანების სტატუსი არ გაიცემა მუდმივი მდებარეობა (დაცვის ადგილი) ამჟამინდელი ადგილსამყოფელი თაროზე განთავსების ადგილი შეძენის თარიღი ღირებულება, შესყიდვის ნორმალური ფასი სრული შენახვის შიფრი შტრიხკოდი ბოლო ოპერაციის თარიღი ეგზემპლარის მიმდევრობითი ნომერი (კეტერი?) ფასის ძალაში შესვლის თარიღი ეგზემპლარის სახეობა საჯარო შენიშვნა Uniform Resource Identifier
          ბათუმის შოთა რუსთაველის სახელმწიფო უნივერსიტეტის მთავარი ბიბლიოთეკა ბათუმის შოთა რუსთაველის სახელმწიფო უნივერსიტეტის მთავარი ბიბლიოთეკა წიგნსაცავი 2019-10-18 12.00 94(=352.2)(479.223)+392(=352.2)+929.52(479.22)+821.353.1-94 ა-11 60133 2019-10-18 60133 2019-10-18 წიგნი 12.00  
          ბათუმის შოთა რუსთაველის სახელმწიფო უნივერსიტეტის მთავარი ბიბლიოთეკა ბათუმის შოთა რუსთაველის სახელმწიფო უნივერსიტეტის მთავარი ბიბლიოთეკა წიგნსაცავი 2019-10-18 12.00 94(=352.2)(479.223)+392(=352.2)+929.52(479.22)+821.353.1-94 ა-11 60134 2019-10-18 60134 2019-10-18 წიგნი 12.00  
          ბათუმის შოთა რუსთაველის სახელმწიფო უნივერსიტეტის მთავარი ბიბლიოთეკა ბათუმის შოთა რუსთაველის სახელმწიფო უნივერსიტეტის მთავარი ბიბლიოთეკა წიგნსაცავი 2025-01-24 12.00 94(=352.2)(479.223)+392(=352.2)+929.52(479.22)+821.353.1-94 ა-11 70410 2025-01-24 70410 2025-01-24 წიგნი 12.00 ნაჩუქარი